000
00248nam a2200097Ia 4500
005
20250424112859.0
008
250424s9999 xx 000 0 und d
300
_a
326 p. :ill. ; 28 cm.
650
_a
Structural engineering--Periodicals.
942
_c
SR
999
_c
37669
_d
37669